[Event "35th National Team Chess Championship- 2015"]
[Site "Caritas Goa Holiday Home, NR, Caculo Circle, St In"]
[Date "2015.02.21"]
[Round "3"]
[Board "1"]
[White "Krishna, C.R.G."]
[Black "Karthikeyan, P."]
[Result "0-1"]
[WhiteElo "2410"]
[BlackElo "2442"]
[PlyCount "56"]
[EventDate "2015.02.20"]
[EventType "team"]
[EventRounds "9"]
[EventCountry "IND"]
[WhiteTeam "The Empty Reloaded A.P."]
[BlackTeam "Railways - A"]

1. d4 Nf6 2. c4 g6 3. g3 Bg7 4. Bg2 d5 5. cxd5 Nxd5 6. Nf3 Nb6 7. Nc3 Nc6 8. d5
Bxc3+ 9. bxc3 Qxd5 10. O-O Qxd1 11. Rxd1 Bd7 12. a4 Na5 13. Ba3 Bxa4 14. Rdb1
Bc6 15. Bxe7 Kxe7 16. Rxa5 Rhd8 17. Nd4 Bxg2 18. Kxg2 a6 19. e4 Rab8 20. h4 Nd7
21. Nc2 c6 22. Ne3 Kd6 23. h5 Kc7 24. hxg6 hxg6 25. Ra4 Nc5 26. Rc4 b6 27. e5
Rd7 28. Rf4 b5 0-1

[Event "35th National Team Chess Championship- 2015"]
[Site "Caritas Goa Holiday Home, NR, Caculo Circle, St In"]
[Date "2015.02.21"]
[Round "3"]
[Board "2"]
[White "Deepan, Chakkravarthy J."]
[Black "Mehar, Chinna Reddy C.H."]
[Result "1/2-1/2"]
[WhiteElo "2487"]
[BlackElo "2311"]
[PlyCount "59"]
[EventDate "2015.02.20"]
[EventType "team"]
[EventRounds "9"]
[EventCountry "IND"]
[WhiteTeam "Railways - A"]
[BlackTeam "The Empty Reloaded A.P."]

1. d4 d5 2. c4 c6 3. Nf3 Nf6 4. Qb3 dxc4 5. Qxc4 Bf5 6. g3 e6 7. Bg2 Be7 8. O-O
O-O 9. Nc3 Nbd7 10. e3 Nd5 11. e4 N7b6 12. Qe2 Nxc3 13. bxc3 Bg4 14. a4 e5 15.
a5 Nd7 16. h3 Bxf3 17. Bxf3 Qc7 18. Bg2 c5 19. dxe5 Nxe5 20. f4 Nc6 21. a6 b6
22. e5 Rad8 23. Qe4 Na5 24. f5 f6 25. Bf4 fxe5 26. Bxe5 Bd6 27. Rae1 Bxe5 28.
Qxe5 Qxe5 29. Rxe5 Nc4 30. Bd5+ 1/2-1/2

[Event "35th National Team Chess Championship- 2015"]
[Site "Caritas Goa Holiday Home, NR, Caculo Circle, St In"]
[Date "2015.02.21"]
[Round "3"]
[Board "3"]
[White "Abhilash, Reddy M.L."]
[Black "Thejkumar, M. S."]
[Result "0-1"]
[WhiteElo "2236"]
[BlackElo "2438"]
[PlyCount "120"]
[EventDate "2015.02.20"]
[EventType "team"]
[EventRounds "9"]
[EventCountry "IND"]
[WhiteTeam "The Empty Reloaded A.P."]
[BlackTeam "Railways - A"]

1. d4 d5 2. Nf3 Nf6 3. c4 e6 4. e3 c5 5. Nc3 cxd4 6. exd4 Bb4 7. a3 Bxc3+ 8.
bxc3 O-O 9. Bd3 dxc4 10. Bxc4 Qc7 11. Qd3 Nbd7 12. O-O b6 13. Bb3 Bb7 14. Ng5
Rac8 15. Bd2 h6 16. Nh3 Ne4 17. Rfc1 Ndc5 18. dxc5 Rfd8 19. Bf4 Rxd3 20. Bxc7
Rxc7 21. cxb6 axb6 22. Nf4 Rd2 23. Rc2 Rxc3 24. Rxd2 Nxd2 25. Bd1 Nc4 26. a4
Bc6 27. Ne2 Rd3 28. Nf4 Rd2 29. Bb3 Nb2 30. a5 bxa5 31. Rxa5 g5 32. Nh5 Rd3 33.
Rc5 Rxb3 34. Rxc6 Nd3 35. h4 Rb1+ 36. Kh2 Nxf2 37. Kg3 Ne4+ 38. Kf3 Rb4 39.
Rc8+ Kh7 40. hxg5 Nxg5+ 41. Kg3 Rb3+ 42. Kg4 f5+ 43. Kh4 Rb4+ 44. Kg3 Rg4+ 45.
Kf2 Kg6 46. Ng3 Ne4+ 47. Nxe4 Rxe4 48. Rg8+ Kf7 49. Rh8 Kg7 50. Re8 h5 51. Kf3
Kf6 52. Ra8 Rb4 53. Rh8 h4 54. Rh6+ Ke5 55. Rh8 Rb3+ 56. Kf2 h3 57. gxh3 Kf4
58. Rh4+ Kg5 59. Rh8 e5 60. Rh7 e4 0-1

[Event "35th National Team Chess Championship- 2015"]
[Site "Caritas Goa Holiday Home, NR, Caculo Circle, St In"]
[Date "2015.02.21"]
[Round "3"]
[Board "4"]
[White "Himanshu, Sharma"]
[Black "Chakravarthi Reddy, M"]
[Result "1-0"]
[WhiteElo "2425"]
[BlackElo "2256"]
[PlyCount "35"]
[EventDate "2015.02.20"]
[EventType "team"]
[EventRounds "9"]
[EventCountry "IND"]
[WhiteTeam "Railways - A"]
[BlackTeam "The Empty Reloaded A.P."]

1. e4 e6 2. f4 d5 3. e5 c5 4. Nf3 Nc6 5. c3 h5 6. Na3 Nh6 7. Nc2 Be7 8. d4 h4
9. dxc5 Bxc5 10. Be3 Be7 11. Ncd4 Ng4 12. Bg1 Bd7 13. Bd3 g6 14. Qe2 {Nd2} Nh6
15. g4 g5 16. f5 Qc7 17. Nxc6 Bxc6 18. Bd4 1-0

[Event "35th National Team Chess Championship- 2015"]
[Site "Caritas Goa Holiday Home, NR, Caculo Circle, St In"]
[Date "2015.02.21"]
[Round "3"]
[Board "1"]
[White "Laxman, R.R."]
[Black "Sagar, Shah"]
[Result "1/2-1/2"]
[WhiteElo "2377"]
[BlackElo "2462"]
[PlyCount "75"]
[EventDate "2015.02.20"]
[EventType "team"]
[EventRounds "9"]
[EventCountry "IND"]
[WhiteTeam "Railways - B"]
[BlackTeam "Chess Is Life, Maharashtra"]

1. d4 Nf6 2. c4 e6 3. Nf3 Bb4+ 4. Bd2 Qe7 5. g3 Bxd2+ 6. Qxd2 Nc6 7. Nc3 d5 8.
cxd5 exd5 9. Bg2 O-O 10. O-O Re8 11. Qf4 Nd8 12. Rfd1 Ne6 13. Qc1 c6 14. a3 Nf8
15. b4 a6 16. Qb2 Bf5 17. a4 Ne4 18. Nxe4 Bxe4 19. a5 Ne6 20. e3 Nc7 21. Nd2
Bxg2 22. Kxg2 Nb5 23. Rac1 Nd6 24. Re1 Qg5 25. Nb3 Re6 26. Nc5 Re7 27. Qc2 Qf6
28. Qd1 Rae8 29. Qd3 h5 30. Qd1 h4 31. Qg4 Nf5 32. Rcd1 g6 33. Qf4 Kg7 34. Kg1
g5 35. Qf3 h3 36. Qg4 Rh8 37. e4 Nxd4 38. f4 1/2-1/2

[Event "35th National Team Chess Championship- 2015"]
[Site "Caritas Goa Holiday Home, NR, Caculo Circle, St In"]
[Date "2015.02.21"]
[Round "3"]
[Board "2"]
[White "Bhagwat, Vinod"]
[Black "Roy Chowdhury, Saptarshi"]
[Result "1/2-1/2"]
[WhiteElo "2183"]
[BlackElo "2426"]
[PlyCount "40"]
[EventDate "2015.02.20"]
[EventType "team"]
[EventRounds "9"]
[EventCountry "IND"]
[WhiteTeam "Chess Is Life, Maharashtra"]
[BlackTeam "Railways - B"]

1. Nf3 d5 2. d4 e6 3. c4 Nf6 4. Nc3 Be7 5. Bf4 O-O 6. e3 dxc4 7. Bxc4 a6 8. O-O
b5 9. Bd3 Bb7 10. Rc1 Nbd7 11. a3 c5 12. dxc5 Nxc5 13. Bb1 Rc8 14. Nd4 Qb6 15.
b4 Nce4 16. Nxe4 Bxe4 17. Bxe4 Nxe4 18. Qd3 Nf6 19. Rc2 Nd5 20. Be5 Rxc2
 1/2-1/2

[Event "35th National Team Chess Championship- 2015"]
[Site "Caritas Goa Holiday Home, NR, Caculo Circle, St In"]
[Date "2015.02.21"]
[Round "3"]
[Board "3"]
[White "Swapnil, S. Dhopade"]
[Black "Mokal, Amruta Sunil"]
[Result "1-0"]
[WhiteElo "2438"]
[BlackElo "2053"]
[PlyCount "45"]
[EventDate "2015.02.20"]
[EventType "team"]
[EventRounds "9"]
[EventCountry "IND"]
[WhiteTeam "Railways - B"]
[BlackTeam "Chess Is Life, Maharashtra"]

1. d4 Nf6 2. Bg5 d5 3. Bxf6 gxf6 4. c4 dxc4 5. e3 c5 6. Bxc4 cxd4 7. Nc3 Nc6 8.
Qh5 Ne5 9. Bb5+ Bd7 10. exd4 Ng6 11. Nge2 Bxb5 12. Qxb5+ Qd7 13. O-O Bg7 14.
Qh5 O-O 15. Rad1 f5 16. d5 Kh8 17. Ng3 f4 18. Nf5 Rg8 19. Ne4 f6 20. Nc5 Qc8
21. Ne6 Bf8 22. Rd3 Bg7 23. Rh3 1-0

[Event "35th National Team Chess Championship- 2015"]
[Site "Caritas Goa Holiday Home, NR, Caculo Circle, St In"]
[Date "2015.02.21"]
[Round "3"]
[Board "4"]
[White "Dahale, Atul"]
[Black "Palit, Somak"]
[Result "0-1"]
[WhiteElo "2034"]
[BlackElo "2405"]
[PlyCount "50"]
[EventDate "2015.02.20"]
[EventType "team"]
[EventRounds "9"]
[EventCountry "IND"]
[WhiteTeam "Chess Is Life, Maharashtra"]
[BlackTeam "Railways - B"]

1. d4 e6 2. c4 b6 3. Nc3 Bb7 4. Nf3 Bb4 5. Bd2 Nf6 6. e3 c5 7. Be2 cxd4 8. exd4
O-O 9. O-O d5 10. a3 Be7 11. Be3 Nc6 12. Rc1 Rc8 13. cxd5 Nxd5 14. Nxd5 Qxd5
15. Bc4 Qd6 16. Qe2 Bf6 {Re1 Ne7} 17. Ba6 Bxa6 18. Qxa6 Rc7 {Rc1 Rfc8} 19. h3
g6 {Rxc7 Rxc7} 20. Qa4 {Nf5 Rd1} Qd5 21. Bf4 {Qc6 Qxc6 Rxc6} Be5 {Kg7} 22. g4
Ne7 {Rd2 h6} 23. Kg2 {Nd5 h4 Kf8 Kg3} Rc4 24. g5 Bg7 {Bxg7 Kxg7 Ne5 Rc7 Ng4 h5
Ne3 Ne7 Kf3 Kf8 Rd1 Rc8 Kg2 Ke8 d5 exd5 Nxd5 Nf5 Re1 Kd7 Nf6 Kd6 Re4} 25. Rc2 {
Ne8 Kc6 b3} Rc3 {Rb4 a5 Re4 Rxb3 a4 Rb4} 0-1

[Event "35th National Team Chess Championship- 2015"]
[Site "Caritas Goa Holiday Home, NR, Caculo Circle, St In"]
[Date "2015.02.21"]
[Round "3"]
[Board "1"]
[White "Anant, Prabhudesai"]
[Black "Visakh, Nr"]
[Result "0-1"]
[WhiteElo "1778"]
[BlackElo "2375"]
[PlyCount "116"]
[EventDate "2015.02.20"]
[EventType "team"]
[EventRounds "9"]
[EventCountry "IND"]
[WhiteTeam "Goa State - B"]
[BlackTeam "Airport Authority of India"]

1. e4 c5 2. Nf3 d6 3. d4 cxd4 4. Nxd4 Nf6 5. Nc3 a6 6. Be3 e5 7. Nb3 Be6 8. h3
Be7 9. Qf3 Nbd7 10. g4 h6 11. O-O-O Rc8 12. Kb1 Rxc3 13. bxc3 Qc7 14. Bc1 Nb6
15. Rg1 Na4 16. Bb2 Nxb2 17. Kxb2 Nd7 18. c4 Nb6 19. Nd2 Na4+ 20. Ka1 b5 21.
Be2 O-O 22. Qg3 bxc4 23. Qa3 Qa5 24. Rg3 d5 25. Qxe7 Nc3 26. Rxc3 Qxc3+ 27. Kb1
Rb8+ 28. Nb3 cxb3 29. cxb3 d4 30. Qd6 Rc8 31. Qxa6 Bxb3 32. Qxc8+ Qxc8 33. axb3
Qb7 34. Ka2 Qxe4 35. Bd3 Qa8+ 36. Kb2 Qf3 37. Rc1 Qxd3 38. b4 Qd2+ 39. Rc2
Qxb4+ 40. Kc1 Qe1+ 41. Kb2 d3 42. Rc8+ Kh7 43. Rd8 d2 44. Kc2 Qc1+ 45. Kb3 d1=R
46. Rxd1 Qxd1+ 47. Ka2 Kg6 48. h4 Kf6 49. g5+ hxg5 50. hxg5+ Ke6 51. g6 f5 52.
f4 e4 53. Ka3 e3 54. Kb2 e2 55. Ka3 Qb1 56. Ka4 Qb2 57. Ka5 e1=R 58. Ka6 Ra1#
 0-1

[Event "35th National Team Chess Championship- 2015"]
[Site "Caritas Goa Holiday Home, NR, Caculo Circle, St In"]
[Date "2015.02.21"]
[Round "3"]
[Board "2"]
[White "Swayams, Mishra"]
[Black "Kantak, Adv. P.M."]
[Result "1-0"]
[WhiteElo "2481"]
[BlackElo "1990"]
[PlyCount "73"]
[EventDate "2015.02.20"]
[EventType "team"]
[EventRounds "9"]
[EventCountry "IND"]
[WhiteTeam "Airport Authority of India"]
[BlackTeam "Goa State - B"]

1. d4 Nf6 2. c4 e5 3. dxe5 Ng4 4. Nf3 Nc6 5. e3 Ngxe5 6. Be2 Be7 7. O-O O-O 8.
Nc3 d6 9. Nd4 Nxd4 10. exd4 Ng6 11. Qd3 c5 12. Be3 cxd4 13. Qxd4 Bf6 14. Qd2
Re8 15. Nb5 Be5 16. Rad1 d5 17. cxd5 a6 18. Na3 b5 19. d6 Bd7 20. Bf3 Rb8 21.
Bg5 Qb6 22. Bd5 Nf8 23. Be3 Qd8 24. Ba7 Rc8 25. Bb7 Ra8 26. Bxa8 Qxa8 27. Be3
Qe4 28. Rfe1 Bc6 29. f4 Bxd6 30. Bb6 Qxf4 31. Qxf4 Rxe1+ 32. Rxe1 Bxf4 33. Nc2
f5 34. Re7 Bd6 35. Ra7 Nd7 36. Bd4 Ne5 37. Rxa6 1-0

[Event "35th National Team Chess Championship- 2015"]
[Site "Caritas Goa Holiday Home, NR, Caculo Circle, St In"]
[Date "2015.02.21"]
[Round "3"]
[Board "3"]
[White "Umang, Kaisary"]
[Black "Stany, G.A."]
[Result "0-1"]
[WhiteElo "1867"]
[BlackElo "2381"]
[PlyCount "118"]
[EventDate "2015.02.20"]
[EventType "team"]
[EventRounds "9"]
[EventCountry "IND"]
[WhiteTeam "Goa State - B"]
[BlackTeam "Airport Authority of India"]

1. e4 c5 2. Nf3 e6 3. d4 cxd4 4. Nxd4 a6 5. Bd3 Qc7 6. O-O Nf6 7. Nc3 Be7 8.
Be3 b5 9. a3 Bb7 10. Qe2 d6 11. f4 Nbd7 12. Qf3 h5 13. h3 Nb6 14. Rae1 Nc4 15.
Bxc4 Qxc4 16. Bf2 g6 17. Qd3 Rc8 18. Nb3 Ba8 19. Bd4 Qxd3 20. cxd3 O-O 21. Rc1
Nd7 22. g4 hxg4 23. hxg4 e5 24. Be3 exf4 25. Bxf4 Ne5 26. Bxe5 dxe5 27. Ne2 Bg5
28. Rc3 Rfd8 29. Rd1 Kg7 30. Rxc8 Rxc8 31. Nc3 Bc6 32. Kf2 Bd7 33. Kf3 Be6 34.
Nc1 Rh8 35. N1e2 Rh3+ 36. Ng3 Rh4 37. Rh1 Bxg4+ 38. Kg2 Rxh1 39. Nxh1 Bc1 40.
Nf2 Bxb2 41. Nxb5 axb5 42. Nxg4 f6 43. Kf1 Bxa3 44. Ke2 Bc5 45. Nh2 Bd4 46. Kd2
Kh6 47. Nf3 b4 48. Ke2 Bc3 49. Nh2 b3 50. Kd1 Kg5 51. Nf3+ Kg4 52. Ng1 Bd4 53.
Ne2 Kf3 54. Kd2 b2 55. Nxd4+ exd4 56. e5 b1=Q 57. exf6 Qb2+ 58. Kd1 Ke3 59. f7
Qb1# 0-1

[Event "35th National Team Chess Championship- 2015"]
[Site "Caritas Goa Holiday Home, NR, Caculo Circle, St In"]
[Date "2015.02.21"]
[Round "3"]
[Board "4"]
[White "Rajesh, V A V"]
[Black "Eeshan, Gad"]
[Result "1-0"]
[WhiteElo "2350"]
[BlackElo "1454"]
[PlyCount "73"]
[EventDate "2015.02.20"]
[EventType "team"]
[EventRounds "9"]
[EventCountry "IND"]
[WhiteTeam "Airport Authority of India"]
[BlackTeam "Goa State - B"]

1. d4 Nf6 2. c4 g6 3. Nc3 d5 4. Bf4 a6 5. e3 Bg7 6. cxd5 Nxd5 7. Nxd5 Qxd5 8.
Bxc7 Nc6 9. Nf3 O-O 10. Be2 Bf5 11. O-O Rac8 12. Bg3 Rfd8 13. Qa4 Qd7 14. Qb3
Na5 15. Qb4 Nc6 16. Qb6 h6 17. Rac1 Be4 18. Nd2 Bd5 19. Bf3 Bxf3 20. Nxf3 Bf6
21. h3 Kg7 22. Rc3 Ra8 23. Rfc1 e6 24. Bc7 Rdc8 25. Qxb7 Ne7 26. Ne5 Qd5 27.
Qxd5 Nxd5 28. Rc4 Nxc7 29. Rxc7 Rxc7 30. Rxc7 Bxe5 31. dxe5 Rb8 32. Rc2 Rb6 33.
f4 h5 34. Kf2 Kh7 35. b3 Rb7 36. Ke2 Rb6 37. Rc7 1-0

[Event "35th National Team Chess Championship- 2015"]
[Site "Caritas Goa Holiday Home, NR, Caculo Circle, St In"]
[Date "2015.02.21"]
[Round "3"]
[Board "1"]
[White "Narayanan, Srinath"]
[Black "Maheswaran, P."]
[Result "1-0"]
[WhiteElo "2456"]
[BlackElo "2276"]
[PlyCount "93"]
[EventDate "2015.02.20"]
[EventType "team"]
[EventRounds "9"]
[EventCountry "IND"]
[WhiteTeam "Air India"]
[BlackTeam "Tamil Nadu State"]

1. e4 e5 2. Nf3 Nc6 3. Bb5 a6 4. Ba4 Nf6 5. d3 d6 6. c3 g6 7. O-O Bd7 8. Re1
Bg7 9. Bg5 h6 10. Bh4 O-O 11. Nbd2 Qe8 12. Bc2 Nh5 13. Nf1 f5 14. exf5 gxf5 15.
Ne3 Kh8 16. d4 e4 17. Nd2 Qg6 18. f3 Rg8 19. fxe4 Nxd4 20. exf5 Bxf5 21. Bb1
Rae8 22. g3 Bxb1 23. Qxb1 Nf4 24. cxd4 Bxd4 25. Ndf1 Nd3 26. Re2 Nf4 27. Re1
Nd3 28. Re2 Qe4 29. a4 Nf4 30. Qxe4 Nxe2+ 31. Kf2 Rxe4 32. Kxe2 Rge8 33. Ra3
Bxb2 34. Rb3 Bd4 35. Kf3 Bc5 36. Nd5 Re1 37. Nd2 c6 38. Nf6 R8e3+ 39. Rxe3
Rxe3+ 40. Kg4 d5 41. Kh5 Bf8 42. Kg6 b5 43. axb5 axb5 44. Ng4 Rd3 45. Bf6+ Kg8
46. Be5 Be7 47. Bg7 1-0

[Event "35th National Team Chess Championship- 2015"]
[Site "Caritas Goa Holiday Home, NR, Caculo Circle, St In"]
[Date "2015.02.21"]
[Round "3"]
[Board "2"]
[White "Navalgund, Niranjan"]
[Black "Bakre, Tejas"]
[Result "1/2-1/2"]
[WhiteElo "2270"]
[BlackElo "2457"]
[PlyCount "46"]
[EventDate "2015.02.20"]
[EventType "team"]
[EventRounds "9"]
[EventCountry "IND"]
[WhiteTeam "Tamil Nadu State"]
[BlackTeam "Air India"]

1. d4 d5 2. Nf3 Nf6 3. c4 c6 4. g3 dxc4 5. Bg2 Nbd7 6. Qc2 Nb6 7. a4 a5 8. Na3
Qd5 9. Nh4 Qxd4 10. O-O Nfd5 11. Rd1 Qc5 12. e4 Nb4 13. Qe2 Qe5 14. Bf4 Qe6 15.
Bc7 N6d5 16. Qd2 Qd7 17. Bxa5 Rxa5 18. exd5 Rxd5 19. Bxd5 Nxd5 20. Nxc4 e6 21.
a5 Be7 22. Qd4 O-O 23. Nb6 Qc7 1/2-1/2

[Event "35th National Team Chess Championship- 2015"]
[Site "Caritas Goa Holiday Home, NR, Caculo Circle, St In"]
[Date "2015.02.21"]
[Round "3"]
[Board "3"]
[White "Satyapragyan, Swayangsu"]
[Black "Sa, Kannan"]
[Result "1-0"]
[WhiteElo "2409"]
[BlackElo "2021"]
[PlyCount "107"]
[EventDate "2015.02.20"]
[EventType "team"]
[EventRounds "9"]
[EventCountry "IND"]
[WhiteTeam "Air India"]
[BlackTeam "Tamil Nadu State"]

1. e4 c5 2. Nf3 Nc6 3. Bb5 g6 4. Bxc6 dxc6 5. d3 Bg7 6. h3 e5 7. Be3 b6 8. Qc1
Qc7 9. a3 Ne7 10. Bh6 O-O 11. Nc3 Be6 12. h4 f6 13. Qe3 Nc8 14. Bxg7 Qxg7 15.
O-O a5 16. Nd2 g5 17. hxg5 fxg5 18. Qg3 h6 19. Rab1 Nd6 20. b4 axb4 21. axb4
Ra3 22. bxc5 bxc5 23. Ne2 Nb5 24. Ra1 Rxa1 25. Rxa1 g4 26. Ra6 Rc8 27. Qe3 Nd4
28. Ng3 Qg5 29. c3 Qxe3 30. fxe3 Nb5 31. c4 Nd6 32. Nb3 Rc7 33. Nxc5 Bc8 34.
Ra5 Kg7 35. Nf1 Kf6 36. Nd2 h5 37. d4 Nf7 38. g3 exd4 39. exd4 Ng5 40. Kf2 Kg6
41. Ke3 Kh6 42. Nd3 Be6 43. Rc5 Rc8 44. Nf4 Bd7 45. Ra5 Rf8 46. d5 Nh3 47. dxc6
Nxf4 48. cxd7 Ng2+ 49. Kd4 h4 50. gxh4 Nxh4 51. Rd5 Rd8 52. Nf1 Nf3+ 53. Ke3
Ng5 54. c5 1-0

[Event "35th National Team Chess Championship- 2015"]
[Site "Caritas Goa Holiday Home, NR, Caculo Circle, St In"]
[Date "2015.02.21"]
[Round "3"]
[Board "4"]
[White "Dusthageer, Ibrahim M."]
[Black "Gokhale, Chandrashekhar"]
[Result "1/2-1/2"]
[WhiteElo "2123"]
[BlackElo "2233"]
[PlyCount "52"]
[EventDate "2015.02.20"]
[EventType "team"]
[EventRounds "9"]
[EventCountry "IND"]
[WhiteTeam "Tamil Nadu State"]
[BlackTeam "Air India"]

1. e4 d6 2. d4 Nf6 3. Nc3 e5 4. Nf3 Nbd7 5. Bc4 Be7 6. O-O O-O 7. Re1 c6 8. a4
a5 9. h3 exd4 10. Qxd4 Nc5 11. b3 Be6 12. Bb2 Qc7 13. Nh4 Bxc4 14. bxc4 Ne6 15.
Qd3 g6 16. Ne2 Nd7 17. Qg3 Ne5 18. Nf5 f6 19. Ne3 Qb6 20. Rab1 Qa6 21. Nf5 Rae8
22. c5 Nxc5 23. Nf4 Kf7 24. Nh6+ Kg7 25. Nf5+ Kf7 26. Nh6+ Kg7 1/2-1/2

[Event "35th National Team Chess Championship- 2015"]
[Site "Caritas Goa Holiday Home, NR, Caculo Circle, St In"]
[Date "2015.02.22"]
[Round "4"]
[Board "1"]
[White "Nitin, S."]
[Black "Adhiban, B."]
[Result "1/2-1/2"]
[WhiteElo "2357"]
[BlackElo "2630"]
[PlyCount "40"]
[EventDate "2015.02.20"]
[EventType "team"]
[EventRounds "9"]
[EventCountry "IND"]
[WhiteTeam "Airport Authority of India"]
[BlackTeam "Petroleum Sports Promotion Board"]

1. e4 e5 2. Nf3 Nc6 3. Nc3 Bc5 4. Nxe5 Nxe5 5. d4 Bd6 6. dxe5 Bxe5 7. f4 Bxc3+
8. bxc3 d6 9. Bd3 Qh4+ 10. g3 Qh3 11. Bf1 Qe6 12. Bg2 Nf6 13. O-O O-O 14. f5
Qe5 15. Be3 Bd7 16. Bd4 Qe7 17. c4 Bc6 18. Rf4 Rae8 19. Rb1 Qd8 20. Rb3 h6
 1/2-1/2

[Event "35th National Team Chess Championship- 2015"]
[Site "Caritas Goa Holiday Home, NR, Caculo Circle, St In"]
[Date "2015.02.22"]
[Round "4"]
[Board "2"]
[White "Gupta, Abhijeet"]
[Black "Swayams, Mishra"]
[Result "1-0"]
[WhiteElo "2622"]
[BlackElo "2481"]
[PlyCount "81"]
[EventDate "2015.02.20"]
[EventType "team"]
[EventRounds "9"]
[EventCountry "IND"]
[WhiteTeam "Petroleum Sports Promotion Board"]
[BlackTeam "Airport Authority of India"]

1. d4 e6 2. c4 Nf6 3. Nf3 b6 4. a3 Bb7 5. Nc3 d5 6. cxd5 Nxd5 7. Qc2 Be7 8. e4
Nxc3 9. bxc3 O-O 10. Bd3 c5 11. O-O Nc6 12. Bb2 cxd4 13. cxd4 Rc8 14. Qe2 Na5
15. Rad1 Re8 16. Ne5 Bd6 17. f4 Qe7 18. Kh1 Bxa3 19. Bxa3 Qxa3 20. Qh5 g6 21.
Qh3 Qe7 22. f5 exf5 23. exf5 Qg5 24. Ng4 Rf8 25. Rde1 Rcd8 26. Re3 Kh8 27. Rg3
Qh5 28. Nf6 Qxh3 29. Rxh3 h5 30. Nxh5 Bc8 31. d5 Kg8 32. Rg3 Rd6 33. h4 Nb7 34.
Nf4 Nc5 35. Bb1 Kh7 36. Ne6 Nxe6 37. dxe6 Bxe6 38. fxg6+ Kg7 39. gxf7+ Kh8 40.
Rf6 Bf5 41. Rxf5 1-0

[Event "35th National Team Chess Championship- 2015"]
[Site "Caritas Goa Holiday Home, NR, Caculo Circle, St In"]
[Date "2015.02.22"]
[Round "4"]
[Board "3"]
[White "Stany, G.A."]
[Black "Vidit, Santosh Gujrathi"]
[Result "0-1"]
[WhiteElo "2381"]
[BlackElo "2617"]
[PlyCount "58"]
[EventDate "2015.02.20"]
[EventType "team"]
[EventRounds "9"]
[EventCountry "IND"]
[WhiteTeam "Airport Authority of India"]
[BlackTeam "Petroleum Sports Promotion Board"]

1. e4 e6 2. d4 d5 3. e5 c5 4. c3 Nc6 5. Nf3 Qb6 6. a3 Bd7 7. b4 cxd4 8. cxd4
Rc8 9. Bb2 Nge7 10. Qd2 Nf5 11. g4 Nfe7 12. Bd3 Ng6 13. h4 h5 14. gxh5 Rxh5 15.
Bxg6 fxg6 16. Nc3 a5 17. b5 Ne7 18. a4 Nf5 19. Ke2 Rc4 20. Qd3 Kd8 21. Rhd1
Nxh4 22. Nxh4 Rxh4 23. Qxg6 Rcxd4 24. Nxd5 Bxb5+ 25. axb5 Qxb5+ 26. Ke3 Rxd5
27. Bd4 Rhxd4 28. Rxd4 Rxd4 29. Kxd4 Qd5+ 0-1

[Event "35th National Team Chess Championship- 2015"]
[Site "Caritas Goa Holiday Home, NR, Caculo Circle, St In"]
[Date "2015.02.22"]
[Round "4"]
[Board "4"]
[White "Ganguly, Surya Shekhar"]
[Black "Rajesh, V A V"]
[Result "1-0"]
[WhiteElo "2595"]
[BlackElo "2350"]
[PlyCount "125"]
[EventDate "2015.02.20"]
[EventType "team"]
[EventRounds "9"]
[EventCountry "IND"]
[WhiteTeam "Petroleum Sports Promotion Board"]
[BlackTeam "Airport Authority of India"]

1. e4 e5 2. Nf3 Nc6 3. Bb5 a6 4. Ba4 Nf6 5. O-O Be7 6. Re1 b5 7. Bb3 O-O 8. c3
d6 9. h3 Nb8 10. d4 Nbd7 11. Nbd2 Bb7 12. Bc2 Re8 13. Nf1 Bf8 14. Ng3 g6 15. b3
Bg7 16. d5 Qc8 17. Be3 c6 18. c4 cxd5 19. cxd5 Qc7 20. Qd2 Rec8 21. Rec1 Qd8
22. a4 bxa4 23. Rxa4 Ne8 24. Rca1 Nc7 25. Rb4 Rcb8 26. Ra2 Bc8 27. Rba4 Nb5 28.
Ne2 Qf8 29. Nc3 Nxc3 30. Qxc3 Bh6 31. Bxh6 Qxh6 32. b4 Qc1+ 33. Qe1 Qxe1+ 34.
Nxe1 Nb6 35. R4a3 Nc4 36. Rc3 Nb6 37. Bd3 Bb7 38. Rca3 Rc8 39. Bxa6 Rc1 40. Kf1
Nc4 41. Ra4 Rxa6 42. Rxa6 Bxa6 43. Rxa6 Nd2+ 44. Ke2 Nxe4 45. f3 Ng3+ 46. Kd2
Rc4 47. Nc2 e4 48. Rc6 exf3 49. gxf3 Rh4 50. b5 Rh5 51. Ne3 Nf1+ 52. Nxf1 Rxd5+
53. Ke3 Rxb5 54. Kf2 Rd5 55. Ng3 Kf8 56. Rc7 Rd2+ 57. Ke3 Rh2 58. Ne4 h6 59.
Nxd6 f5 60. Kf4 Rxh3 61. Ke5 Rxf3 62. Kf6 Kg8 63. Rc8+ 1-0

[Event "35th National Team Chess Championship- 2015"]
[Site "Caritas Goa Holiday Home, NR, Caculo Circle, St In"]
[Date "2015.02.22"]
[Round "4"]
[Board "1"]
[White "Karthikeyan, P."]
[Black "Narayanan, Srinath"]
[Result "1-0"]
[WhiteElo "2442"]
[BlackElo "2456"]
[PlyCount "91"]
[EventDate "2015.02.20"]
[EventType "team"]
[EventRounds "9"]
[EventCountry "IND"]
[WhiteTeam "Railways - A"]
[BlackTeam "Air India"]

1. d4 Nf6 2. c4 e6 3. Nf3 b6 4. Bf4 Bb7 5. e3 c5 6. d5 exd5 7. Nc3 dxc4 8. Nb5
Na6 9. Bxc4 Be7 10. Nd6+ Bxd6 11. Qxd6 Ne4 12. Qe5+ Qe7 13. Qxg7 O-O-O 14. Qxf7
Qxf7 15. Bxf7 Nb4 16. O-O Ba6 17. Bh6 Bxf1 18. Rxf1 Nd6 19. Bb3 c4 20. Bf4 cxb3
21. Bxd6 Nxa2 22. Nd4 Kb7 23. Ra1 Rc8 24. Nxb3 Rc6 25. Ba3 Rhc8 26. f4 Nc1 27.
Nd4 Rf6 28. Be7 Re6 29. Nxe6 dxe6 30. g4 Rc7 31. Bd6 Rc6 32. Be5 Rc2 33. f5 Nd3
34. Bg3 exf5 35. gxf5 Rc8 36. e4 Rf8 37. Rd1 Nxb2 38. Rd7+ Ka6 39. Bd6 Rg8+ 40.
Kf2 Nc4 41. f6 Rg6 42. e5 Nxd6 43. Rxd6 Rg5 44. Rd5 b5 45. Ke3 b4 46. f7 1-0